Équipe de baseball de la MLB - Statistiques

Statistiques générales
  • Ce quiz a été pris 5 fois
  • Le résultat moyen est 3 sur 13
Statistiques - réponses
Équipe % Correct
Reds de Cincinnati
100%
Dodgers de Los Angeles
50%
Orioles de Baltimore
50%
Red Sox de Boston
50%
Astros de Houston
0%
Braves d'Atlanta
0%
Cubs de Chicago
0%
Diamondbacks d'Arizona
0%
Indians de Cleveland
0%
Rockies du Colorado
0%
Royals de Kansas
0%
Tigers de Detroits
0%
White Sox de Chicago
0%
Aucun quiz correspondant
Distribution des résultats
% des personnes avec chaque résultat
Percentile par nombre de réponses
Votre historique - résultats
Vous n’avez pas pris ce quiz